000 00424nam a2200169 a 4500
005 20140310183226.0
008 040305s19uu xx 00 eng d
020 _a042518109X
050 _aPZ 4
_b.K8335Wh 1981
100 _aKoontz, Dean
245 _aWhispers /
_cDean Koontz.
260 _aNew York :
_bBerkley Books,
_c1980.
300 _a509 p. :
_c18 cm.
650 _aFiction
942 _cBK
_2lcc
999 _c20403
_d20403